ბათუმის შოთა რუსთაველის სახელმწიფო უნივერსიტეტის ბიბლიოთეკა

ფრონტზე და მტრის ზურგში (ბიბ.ჩანაწერი № 43475)

000 -LEADER
fixed length control field 00827nam a2200229Ia 4500
001 - CONTROL NUMBER
control field 10206
003 - CONTROL NUMBER IDENTIFIER
control field GE_BSU
008 - FIXED-LENGTH DATA ELEMENTS--GENERAL INFORMATION
fixed length control field 181216s||||||||xx |||||||||||||| ||und||
040 ## - CATALOGING SOURCE
Transcribing agency GE_BSU
080 ## - UNIVERSAL DECIMAL CLASSIFICATION NUMBER
Universal Decimal Classification number 94(479.22)"1941–1945
100 ## - MAIN ENTRY--PERSONAL NAME
Personal name სიხარულიძე,ვახტანგ
245 ## - TITLE STATEMENT
Title ფრონტზე და მტრის ზურგში
245 ## - TITLE STATEMENT
Remainder of title დოკ.მოთხრობები
245 ## - TITLE STATEMENT
Statement of responsibility, etc. რედ:ნ.ლორთქიფანიძე;მხატვ:დ.ზარაფიშვილი.
260 ## - PUBLICATION, DISTRIBUTION, ETC.
Place of publication, distribution, etc. თბილისი
260 ## - PUBLICATION, DISTRIBUTION, ETC.
Name of publisher, distributor, etc. ნაკადული
260 ## - PUBLICATION, DISTRIBUTION, ETC.
Date of publication, distribution, etc. 1977
300 ## - PHYSICAL DESCRIPTION
Extent 109გვ;20სმ.
653 ## - INDEX TERM--UNCONTROLLED
Uncontrolled term დოკ.მოთხრობები
653 ## - INDEX TERM--UNCONTROLLED
Uncontrolled term ფრონტზე და მტრის ზურგში
942 ## - ADDED ENTRY ELEMENTS (KOHA)
Koha item type წიგნი
ეგზემპლარები
Withdrawn status Lost status Damaged status Not for loan Date acquired Barcode Date last seen Price effective from Koha item type
        2018-12-17 33872 2018-12-17 2018-12-17 წიგნი